La sucesin̤ de Estados en materia de bienes, archivos y deudas el caso de la URSS /

Bibliographic Details
Main Author: Ushakova, Tatsiana
Format: Unknown
Language:Spanish
Published: Madrid : Centro de Estudios Ramonareces, 2006.
Subjects:
Online Access:Acceso restringido

MARC

LEADER 00000ny a22000003n 4500
005 20110614125238.0
008 060421s2006 sp 001 0 spa d
020 |a 9788480047463 
035 |a 2721 
040 |a NoBUC-Mpons  |d vLex 
080 |a 341.218.3  |x (47+57) 
090 |c 664  |d 664 
100 1 |a Ushakova, Tatsiana 
245 1 3 |a La sucesin̤ de Estados en materia de bienes, archivos y deudas  |h [Recurso electrn̤ico]  |b el caso de la URSS /   |c Tatsiana Ushakova. 
256 |a Servicio en ln̕ea 
260 |a Madrid :  |b Centro de Estudios Ramonareces,  |c 2006. 
300 |a 220 p. ;  |c 24 cm. 
506 1 |a Contenido solo disponible en los productos indicados  |d vLex Global  |d vLex Global (Academic Edition, excluding Law Schools)  |d vLex Global (U.S. Academic Edition, Law Schools)  |d vLex Global (U.S. Academic Edition, excluding Law Schools)  |d vLex Global (Academic Edition, Law Schools) 
650 0 4 |a Sucesin̤ de Estados 
740 0 |a vLex Libros (Servicios en ln̕ea) 
856 4 0 |z Acceso restringido  |u http://vlex.com/source/sucesion-bienes-deudas-archivos-esados-urss-2721 
942 |c BOOK 
999 0 |a State succession  |z Madrid